Every Survivor Contestant In Order (S1-20) - Statistics

General Stats
  • This quiz has been taken 116 times
  • The average score is 210 of 351
Answer Stats
Season Placing Contestant % Correct
Borneo- 2nd Kelly Wiglesworth
89%
Borneo- WINNER Richard Hatch
89%
Borneo- 3rd Rudy Boesch
89%
Borneo- 16th Sonja Christopher
89%
Borneo- 4th Sue Hawk
89%
Borneo- 15th B.B. Andersen
85%
Borneo- 6th Colleen Haskell
81%
The Australian Outback- 6th Amber Brkich
78%
The Australian Outback- 2nd Colby Donaldson
78%
Africa- WINNER Ethan Zohn
78%
Borneo- 9th Greg Buis
78%
The Australian Outback- 8th Jerri Manthey
78%
The Australian Outback- WINNER Tina Wesson
78%
All Stars- WINNER Amber Brkich
74%
Gabon- WINNER Bob Crowley
74%
Vanuatu- WINNER Chris Daugherty
74%
Tocantins- 5th Coach Wade
74%
Gabon- 6th Crystal Cox
74%
Borneo- 7th Gervase Peterson
74%
Tocantins- WINNER J.T. Thomas
74%
The Australian Outback- 15th Kel Gleason
74%
Africa- 2nd Kim Johnson
74%
Africa- 3rd Lex van den Berghe
74%
Heroes vs. Villains- 2nd Parvati Shallow
74%
Borneo- 13th Ramona Gray
74%
All Stars- 14th Richard Hatch
74%
Marquesas- 10th Rob Mariano
74%
All Stars- 2nd Rob Mariano
74%
Samoa- 2nd Russell Hantz
74%
Heroes vs. Villains- 3rd Russell Hantz
74%
Pearl Islands- WINNER Sandra Diaz-Twine
74%
Heroes vs. Villains- WINNER Sandra Diaz-Twine
74%
Borneo- 5th Sean Kenniff
74%
Tocantins- 2nd Stephen Fishbach
74%
Gabon- 3rd Sugar Kiper
74%
All Stars- 18th Tina Wesson
74%
Africa- 4th Tom Buchanan
74%
Cook Islands- 5th Adam Gentry
70%
China- 3rd Amanda Kimmel
70%
Micronesia- 2nd Amanda Kimmel
70%
Vanuatu- 6th Ami Cusack
70%
Pearl Islands- 10th Andrew Savage
70%
Cook Islands- 3rd Becky Lee
70%
Cook Islands- 19th Billy Garcia
70%
Pearl Islands- 5th Burton Roberts
70%
Cook Islands- 8th Candice Woodcock
70%
Fiji- Equal 2nd Cassandra Franklin
70%
Pearl Islands- 6th Christa Hastie
70%
Micronesia- 3rd Cirie Fields
70%
China- 2nd Courtney Yates
70%
Pearl Islands- 4th Darrah Johnson
70%
The Australian Outback- 16th Debb Eaton
70%
Fiji- Equal 2nd Dreamz Herd
70%
Fiji- WINNER Earl Cole
70%
The Australian Outback- 4th Elisabeth Filarski
70%
Vanuatu- 4th Eliza Orlins
70%
Micronesia- 5th Erik Reichenbach
70%
Tocantins- 3rd Erinn Lobdell
70%
Palau- 3rd Ian Rosenberger
70%
Borneo- 8th Jenna Lewis
70%
All Stars- 3rd Jenna Lewis
70%
The Amazon- WINNER Jenna Morasca
70%
Heroes vs. Villains- 4th Jerri Manthey
70%
Cook Islands- 7th Jonathan Penner
70%
Pearl Islands- 3rd Jon Dalton
70%
Marquesas- 3rd Kathy Vavrick-O'Brien
70%
Palau- 2nd Katie Gallagher
70%
Gabon- 5th Ken Hoang
70%
The Australian Outback- 12th Kimmi Kappenberg
70%
All Stars- 9th Lex van den Berghe
70%
Pearl Islands- 2nd Lillian Morris
70%
Samoa- 3rd Mick Trimming
70%
Micronesia- 4th Natalie Bolton
70%
Samoa- WINNER Natalie White
70%
Marquesas- 2nd Neleh Dennis
70%
Cook Islands- 2nd Ozzy Lusth
70%
Cook Islands- 6th Parvati Shallow
70%
Micronesia- WINNER Parvati Shallow
70%
Marquesas- 4th Paschal English
70%
Gabon- 8th Randy Bailey
70%
Heroes vs. Villains- 18th Randy Bailey
70%
Pearl Islands- 8th Rupert Boneham
70%
All Stars- 4th Rupert Boneham
70%
Heroes vs. Villains- 6th Rupert Boneham
70%
Vanuatu- 3rd Scout Cloud Lee
70%
All Stars- 6th Shii Ann Huang
70%
Palau- 7th Stephanie LaGrossa
70%
Heroes vs. Villains- 19th Stephenie LaGrossa
70%
All Stars- 13th Sue Hawk
70%
Cook Islands- 4th Sundra Oakley
70%
Tocantins- 4th Taj Johnson-George
70%
Africa- 5th Teresa "T-Bird" Cooper
70%
China- WINNER Todd Herzog
70%
Palau- WINNER Tom Westman
70%
Vanuatu- 2nd Twila Tanner
70%
Tocantins- 8th Tyson Apostol
70%
Marquesas- WINNER Vecepia Towery
70%
Fiji- 4th Yau-Man Chan
70%
Cook Islands- WINNER Yul Kwon
70%
Micronesia- 6th Alexis Jones
67%
The Australian Outback- 9th Alicia Calaway
67%
Micronesia- 11th Ami Cusack
67%
Panama- WINNER Aras Baskauskas
67%
Samoa- 4th Brett Clouser
67%
The Amazon- 4th Butch Lockley
67%
Palau- 5th Caryn Groedel
67%
Micronesia- 14th Chet Welch
67%
China- 16th Chicken Morris
67%
Panama- 4th Cirie Fields
67%
Heroes vs. Villains- 17th Cirie Fields
67%
All Stars- 12th Colby Donaldson
67%
Gabon- 7th Corinne Kaplan
67%
Heroes vs. Villains- 11th Courtney Yates
67%
Panama- 2nd Danielle DiLorenzo
67%
Heroes vs. Villains- 7th Danielle DiLorenzo
67%
Guatemala- WINNER Danni Boatwright
67%
The Amazon- 8th Deena Bennett
67%
China- 4th Denise Martin
67%
Borneo- 12th Dirk Been
67%
Micronesia- 10th Eliza Orlins
67%
All Stars- 11th Ethan Zohn
67%
Africa- 7th Frank Garrison
67%
Borneo- 10th Gretchen Cordy
67%
The Amazon- 5th Heidi Strobel
67%
China- 7th James Clement
67%
Micronesia- 7th James Clement
67%
Micronesia- 8th Jason Siska
67%
China- 9th Jean-Robert Bellande
67%
The Australian Outback- 10th Jeff Varner
67%
All Stars- 16th Jenna Morasca
67%
All Stars- 10th Jerri Manthey
67%
Heroes vs. Villains- 10th J.T. Thomas
67%
All Stars- 8th Kathy Vavrick-O'Brien
67%
The Australian Outback- 3rd Keith Famie
67%
The Amazon- 2nd Matthew von Ertfelda
67%
Gabon- 4th Matty Whitmore
67%
The Australian Outback- 11th Michael Skupin
67%
China- 5th Peih-Gee Law
67%
Guatemala- 3rd Rafe Judkins
67%
The Amazon- 3rd Rob Cesternino
67%
All Stars- 15th Rob Cesternino
67%
Marquesas- 6th Robert DiCanio
67%
Heroes vs. Villains- 13th Rob Mariano
67%
Pearl Islands- 9th Ryan Opray
67%
Marquesas- 5th Sean Rector
67%
Samoa- 6th Shambo Waters
67%
Panama- 5th Shane Powers
67%
Tocantins- 7th Sierra Reed
67%
Guatemala- 2nd Stephanie LaGrossa
67%
Heroes vs. Villains- 20th Sugar Kiper
67%
Gabon- 2nd Susie Smith
67%
Panama- 3rd Terry Deitz
67%
All Stars- 5th Tom Buchanan
67%
Heroes vs. Villains- 15th Tyson Apostol
67%
Micronesia- 18th Yau-Man Chan
67%
Gabon- 12th Ace Gordon
63%
All Stars- 7th Alicia Calaway
63%
Heroes vs. Villains- 9th Amanda Kimmel
63%
Palau- 10th Bobby Jon Drinkard
63%
Thailand- WINNER Brian Heidik
63%
Panama- 7th Bruce Kanegai
63%
Heroes vs. Villains- 8th Candice Woodcock
63%
Cook Islands- 15th Cao Boi Bui
63%
Thailand- 2nd Clay Jordan
63%
Heroes vs. Villains- 12th Coach Wade
63%
Heroes vs. Villains- 5th Colby Donaldson
63%
Panama- 6th Courtney Marit
63%
Fiji- 9th Edgardo Rivera
63%
China- 6th Erik Huffman
63%
China- 8th Frosti Zernow
63%
Thailand- 13th Ghandia Johnson
63%
Micronesia- 16th Joel Anderson
63%
Micronesia- 20th Jon Dalton
63%
Vanuatu- 5th Julie Berry
63%
Micronesia- 13th Kathy Sleckman
63%
Africa- 9th Kelly Goldsmith
63%
Africa- 6th Kim Powers
63%
Guatemala- 4th Lydia Morales
63%
Fiji- 8th Mookie Lee
63%
Cook Islands- 9th Nate Gonzalez
63%
Pearl Islands- 11th Osten Taylor
63%
Micronesia- 9th Ozzy Lusth
63%
The Australian Outback- 5th Rodger Bingham
63%
All Stars- 17th Rudy Boesch
63%
Pearl Islands- 15th Ryan Shoulders
63%
Thailand- 10th Shii Ann Huang
63%
Africa- 12th Silas Gaither
63%
Heroes vs. Villains- 16th Tom Westman
63%
Micronesia- 12th Tracy Hughes-Wolf
63%
China- 15th Ashley Massaro
59%
Cook Islands- 12th Brad Virata
59%
Africa- 8th Brandon Quinton
59%
Tocantins- 16th Carolina Eastwood
59%
The Amazon- 6th Christy Smith
59%
Africa- 10th Clarence Black
59%
Palau- 9th Coby Archa
59%
Guatemala- 7th Gary Hogeboom
59%
Heroes vs. Villains- 14th James Clement
59%
Thailand- 3rd Jan Gentry
59%
Cook Islands- 13th Jessica Smith
59%
Tocantins- 10th Joe Dowdle
59%
Borneo- 11th Joel Klug
59%
Micronesia- 15th Jonathan Penner
59%
Cook Islands- 17th J.P. Calderon
59%
Guatemala- 6th Judd Sergeant
59%
Pearl Islands- 14th Michelle Tesauro
59%
Pearl Islands- 16th Nicole Delma
59%
Thailand- 11th Robb Zbacnik
59%
Borneo- 14th Stacey Stillman
59%
Panama- 16th Tina Sheer
59%
Palau- 19th Wanda Shirk
59%
Marquesas- 8th Zoe Zanidakis
59%
The Amazon- 7th Alex Bell
56%
Fiji- 13th Anthony Robinson
56%
Fiji- 5th Boo Bernis
56%
Tocantins- 9th Brendan Synnott
56%
Gabon- 9th Charlie Herschel
56%
Guatemala- 5th Cindy Hall
56%
Samoa- 8th Dave Ball
56%
Gabon- 14th GC Brown
56%
China- 10th Jaime Dugan
56%
Samoa- 5th Jaison Robinson
56%
Guatemala- 8th Jamie Newton
56%
Palau- 8th Janu Tornell
56%
Palau- 4th Jenn Lyon
56%
Cook Islands- 10th Jenny Guzon-Bae
56%
Marquesas- 9th John Carroll
56%
Palau- 20th Jonathan Libby
56%
Samoa- 10th Laura Morett
56%
China- 14th Leslie Nease
56%
Africa- 11th Lindsey Richter
56%
The Australian Outback- 14th Maralyn Hershey
56%
Gabon- 10th Marcus Lehman
56%
Micronesia- 19th Mary Sartain
56%
Gabon- 18th Michelle Chase
56%
Panama- 14th Misty Giles
56%
The Australian Outback- 13th Mitchell Olson
56%
Samoa- 7th Monica Padilla
56%
The Australian Outback- 7th Nick Brown
56%
Marquesas- 16th Peter Harkey
56%
Cook Islands- 11th Rebecca Borman
56%
Cook Islands- 20th Sekou Bunch
56%
Marquesas- 7th Tammy Leitner
56%
Thailand- 5th Ted Rogers, Jr.
56%
Pearl Islands- 7th Tijuana Bradley
56%
Palau- 14th Willard Smith
56%
China- 12th Aaron Reisberger
52%
Fiji- 7th Alex Angarita
52%
Panama- 9th Austin Carty
52%
Guatemala- 9th Bobby Jon Drinkard
52%
Panama- 12th Bobby Mason
52%
Africa- 14th Carl Bilancione
52%
China- 13th Dave Cruser
52%
Tocantins- 6th Debbie Beebe
52%
Africa- 16th Diane Ogden
52%
Vanuatu- 17th Dolly Neely
52%
Gabon- 17th Gillian Larson
52%
Palau- 6th Gregg Carey
52%
Thailand- 4th Helen Glover
52%
Marquesas-14th Hunter Ellis
52%
Palau- 12th James Miller
52%
Palau- 18th Jolanda Jones
52%
Vanuatu- 7th Leann Slaby
52%
Vanuatu- 9th Lea "Sarge" Masters
52%
Fiji- 11th Lisi Linares
52%
Fiji- 10th Michelle Yi
52%
Vanuatu- 10th Rory Freeman
52%
Samoa- 14th Russell Swan
52%
Tocantins- 13th Sandy Burgin
52%
The Amazon- 11th Shawna Mitchell
52%
Tocantins- 12th Spencer Duhm
52%
Cook Islands- 16th Stephannie Favor
52%
Pearl Islands- 13th Trish Dunn
52%
Palau- 13th Angie Jakusz
48%
Samoa- 17th Ben Browning
48%
Cook Islands- 18th Cecilia Mansilla
48%
Cook Islands- 14th Cristina Coria
48%
Panama- 11th Dan Barry
48%
Samoa- 12th Erik Cardona
48%
Marquesas- 12th Gabriel Cade
48%
Marquesas- 11th Gina Crews
48%
Thailand- 6th Jake Billingsley
48%
Thailand- 14th Jed Hildebrand
48%
Tocantins- 14th Jerry Sims
48%
Samoa- 9th John Fincher
48%
Thailand- 16th John Raymond
48%
Africa- 13th Linda Spencer
48%
Samoa- 20th Marisa Calihan
48%
Panama- 15th Melinda Hyder
48%
Panama- 10th Nick Stanbury
48%
Gabon- 16th Paloma Soto-Castillo
48%
Panama- 13th Ruth Marie Milliman
48%
The Amazon- 16th Ryan Aiken
48%
Panama- 8th Sally Schumann
48%
Marquesas- 13th Sarah Jones
48%
China- 11th Sherea Lloyd
48%
Fiji- 6th Stacy Kimball
48%
Tocantins- 11th Sydney Wheeler
48%
Guatemala- 10th Brandon Bellinger
44%
Tocantins- 15th Candace Smith
44%
Fiji- 16th Gary Stritesky
44%
Vanuatu- 8th James "Chad" Crittenden
44%
Palau- 16th Jeff Wilson
44%
Africa- 15th Jessie Camacho
44%
The Amazon- 13th JoAnna Ward
44%
Vanuatu- 16th John "J.P." Palyok
44%
Samoa- 11th Kelly Sharbaugh
44%
Thailand- 8th Ken Stafford
44%
Micronesia- 17th Mikey Bortone
44%
Marquesas- 15th Patricia Jackson
44%
Fiji- 12th Rocky Reid
44%
The Amazon- 10th Roger Sexton
44%
Pearl Islands- 12th Shawn Cohen
44%
Vanuatu- 18th Brook Geraghty
41%
The Amazon- 14th Daniel Lue
41%
Gabon- 11th Dan Kay
41%
Thailand- 9th Erin Collins
41%
Palau- 11th Ibrehem Rahman
41%
The Amazon- 12th Jeanne Hebert
41%
Samoa- 19th Mike Borassi
41%
Thailand- 7th Penny Ramsey
41%
Fiji- 14th Rita Verreos
41%
Fiji- 17th Sylvia Kwan
41%
Samoa- 16th Yasmin Giles
41%
Guatemala- 14th Blake Towsley
37%
Guatemala- 12th Brian Corridan
37%
Guatemala- 15th Brooke Struck
37%
The Amazon- 9th Dave Johnson
37%
Fiji- 18th Erica Durousseau
37%
Gabon- 15th Jacquie Berg
37%
Fiji- 19th Jessica deBen
37%
Guatemala- 18th Jim Lynch
37%
Gabon- 13th Kelly Czarnecki
37%
Palau- 15th Kim Mullen
37%
Thailand- 12th Stephanie Dill
37%
Thailand- 15th Tanya Vance
37%
Vanuatu- 13th Travis "Bubba" Sampson
37%
Guatemala- 11th Amy O'Hara
33%
Samoa- 15th Ashley Trainer
33%
Samoa- 18th Betsy Bolan
33%
Guatemala- 16th Brianna Varela
33%
The Amazon- 15th Janet Koth
33%
Vanuatu- 11th John Kenney
33%
Samoa- 13th Liz Kim
33%
Guatemala- 13th Margaret Bobonich
33%
Vanuatu- 15th Mia Galeotalanza
33%
Palau- 17th Ashlee Ashby
30%
Guatemala- 17th Morgan McDevitt
30%
Vanuatu- 14th Brady Finta
26%
Fiji- 15th Liliana Gomez
26%
Vanuatu- 12th Lisa Keiffer
22%
No matching quizzes found
Score Distribution
Percent of People with Each Score
Percentile by Number Answered
Your Score History
You have not taken this quiz